Vida y profesión del pedagogo / (Record no. 79680)

MARC details
000 -CABECERA
campo de control de longitud fija 00598nam a22001933a 4500
001 - NÚMERO DE CONTROL
campo de control 000000556
005 - FECHA Y HORA DE LA ÚLTIMA TRANSACCIÓN
campo de control 20230331063507.0
008 - ELEMENTOS DE LONGITUD FIJA--INFORMACIÓN GENERAL
campo de control de longitud fija 010406s1958 mx fr 000 0 spa d
035 ## - NÚMERO DE CONTROL DEL SISTEMA
Número de control de sistema UPN01000105767
049 ## - COLECCIÓN
Colección CG
050 #4 - SIGNATURA TOPOGRÁFICA DE LA BIBLIOTECA DEL CONGRESO
Número de clasificación LB1778
Número de documento/Ítem L3.9
100 1# - ASIENTO PRINCIPAL--NOMBRE PERSONAL
Nombre de persona Larroyo, Francisco,
Fechas asociadas al nombre 1912-1981
9 (RLIN) 28491
245 10 - MENCIÓN DE TÍTULO
Título Vida y profesión del pedagogo /
Mención de responsabilidad, etc. Francisco Larroyo.
260 ## - PUBLICACIÓN, DISTRIBUCIÓN, ETC.
Lugar de publicación, distribución, etc. México :
Nombre del editor, distribuidor, etc. UNAM, Dirección General de Publicaciones,
Fecha de publicación, distribución, etc. 1958.
300 ## - DESCRIPCIÓN FÍSICA
Extensión 115 p.
440 #0 - MENCIÓN DE SERIE/ASIENTO SECUNDARIO--TÍTULO
Título Ediciones filosofía y letras ;
Designación de volumen o secuencia 22
650 #4 - ASIENTO SECUNDARIO DE MATERIA - TERMINO TEMATICO
Término de materia o nombre geográfico como elemento de entrada Maestros
Subdivisión general Formación profesional
Subdivisión geográfica México
9 (RLIN) 796
905 ## - TIPO DE MATERIAL
Tipo de material Libro
Holdings
Estado de retiro Estado de pérdida Fuente del sistema de clasificación o colocación Estado dañado No para préstamo Código de colección Localización permanente Ubicación/localización actual Ubicación en estantería Fecha de adquisición Total de préstamos Clasificación Código de barras Fecha visto por última vez Fecha del último préstamo Número de copia Tipo de ítem Koha
    Library of Congress Classification     Colección General Bib. Gregorio Torres Quintero Bib. Gregorio Torres Quintero Planta baja 09/10/2023 38 LB1778 L3.9 42838 20/10/2023 09/10/2023 1 Libro